000 00465cam a2200181ua 4500
001 1166
008 110611n ii |||gr||||Z||||||asm
040 _cMAIN
082 _a330.95416
245 1 0 _aUttar purbanchaliya arthanitir ruprekha
_cby Bhuban Baruah
250 _a3rd ed.
260 _aDibrugarh:
_bBanalata,989.
300 _a153p.:0cm.
653 _aEconomics
653 _aEconomy of North east India
700 _aBaruah, Bhuban,
_eAuthor.
942 _cBK
999 _c1076
_d1076